书目信息 |
| 题名: |
图书馆工作者职称考试辅导纲要
|
|
| 作者: | 李严 , 吴慰慈 , 李纪有 编著 | |
| 分册: | ||
| 出版信息: | 哈尔滨 黑龙江朝鲜民族出版社 1987 |
|
| 页数: | 254页 | |
| 开本: | 19cm | |
| 丛书名: | ||
| 单 册: | ||
| 中图分类: | G251.6 , G250-44 | |
| 科图分类: | ||
| 主题词: | 图书馆--职称--考试--参考资料 , 图书馆学 , 图书馆事业 | |
| 电子资源: | ||
| ISBN: | 7-5389-0024-1 | |
| 000 | 00841nam0 2200289 45 | |
| 001 | 0187002324 | |
| 005 | 20040426145508.1 | |
| 010 | @a7-5389-0024-1@dCNY2.20 | |
| 100 | @a19900830d1987 k y0chiy0121 ea | |
| 101 | 0 | @achi |
| 102 | @aCN@b230000 | |
| 105 | @ay z 000yy | |
| 106 | @ar | |
| 200 | 10 | @a图书馆工作者职称考试辅导纲要@Atu shu guan gong zuo zhe zhi cheng kao shi fu dao gang yao@f李严等编著 |
| 210 | @a哈尔滨@c黑龙江朝鲜民族出版社@d1987 | |
| 215 | @a254页@d19cm | |
| 606 | @a图书馆@x职称@x考试@x参考资料 | |
| 606 | 0 | @a图书馆学 |
| 606 | 0 | @a图书馆事业 |
| 690 | @aG251.6@v3 | |
| 690 | @aG250-44 | |
| 701 | 0 | @a李严@Ali yan@4编著 |
| 701 | 0 | @a吴慰慈@Awu wei ci@4编著 |
| 701 | 0 | @a李纪有@Ali ji you@4编著 |
| 801 | 0 | @aCN@b深圳图书馆@c20040426 |
| 801 | 2 | @aCN@bNLC@c20040426 |
| 905 | @f2@b257192-193@dG250-44@e56 | |
| 图书馆工作者职称考试辅导纲要/李严等编著.-哈尔滨:黑龙江朝鲜民族出版社,1987 |
| 254页;19cm |
| ISBN 7-5389-0024-1:CNY2.20 |
| ● |
| 相关链接 |
|
|
|
|
正题名:图书馆工作者职称考试辅导纲要
索取号:G250-44/56
 
预约/预借
| 序号 | 登录号 | 条形码 | 馆藏地/架位号 | 状态 | 备注 |
| 1 | 0257191 | 000500498 | 第一样本阅览室/ [索取号:G250-44/56] | 在馆 | |
| 2 | 0257192 | 000500504 | 密集书库/ [索取号:G250-44/56] | 在馆 | |
| 3 | 0257193 | 000500513 | 密集书库/ [索取号:G250-44/56] | 在馆 |